|
|
|
|
| LEADER |
01610nam a2200433Ia 4500 |
| 001 |
EBC557030 |
| 003 |
MiAaPQ |
| 005 |
20200520144314.0 |
| 006 |
m o d | |
| 007 |
cr cn||||||||| |
| 008 |
091224s2010 inu sb 001 0 eng d |
| 010 |
|
|
|z 2009053205
|
| 020 |
|
|
|z 9780253355010 (cl)
|
| 020 |
|
|
|z 9780253222084 (pb)
|
| 035 |
|
|
|a (MiAaPQ)EBC557030
|
| 035 |
|
|
|a (Au-PeEL)EBL557030
|
| 035 |
|
|
|a (CaPaEBR)ebr10402783
|
| 035 |
|
|
|a (CaONFJC)MIL281827
|
| 035 |
|
|
|a (OCoLC)657650192
|
| 040 |
|
|
|a MiAaPQ
|c MiAaPQ
|d MiAaPQ
|
| 050 |
|
4 |
|a GT1460
|b .N67 2010
|
| 082 |
0 |
4 |
|a 363.72/82
|2 22
|
| 100 |
1 |
|
|a Norris, Lucy,
|d 1965-
|
| 245 |
1 |
0 |
|a Recycling Indian clothing
|h [electronic resource] :
|b global contexts of reuse and value /
|c Lucy Norris.
|
| 260 |
|
|
|a Bloomington, Ind. :
|b Indiana University Press,
|c c2010.
|
| 300 |
|
|
|a x, 226 p.
|
| 490 |
1 |
|
|a Tracking globalization
|
| 504 |
|
|
|a Includes bibliographical references and index.
|
| 533 |
|
|
|a Electronic reproduction. Ann Arbor, MI : ProQuest, 2015. Available via World Wide Web. Access may be limited to ProQuest affiliated libraries.
|
| 650 |
|
0 |
|a Clothing and dress
|z India.
|
| 650 |
|
0 |
|a Clothing and dress
|x Environmental aspects
|z India.
|
| 650 |
|
0 |
|a Clothing and dress
|z India
|x Remaking.
|
| 650 |
|
0 |
|a Used clothing industry
|z India.
|
| 650 |
|
0 |
|a Culture and globalization
|z India.
|
| 650 |
|
0 |
|a Recycled products
|z India.
|
| 655 |
|
4 |
|a Electronic books.
|
| 710 |
2 |
|
|a ProQuest (Firm)
|
| 830 |
|
0 |
|a Tracking globalization.
|
| 856 |
4 |
0 |
|u https://ebookcentral.proquest.com/lib/matrademy/detail.action?docID=557030
|z Click to View
|